<?xml version="1.0" encoding="UTF-8"?>
<record
    xmlns:xsi="http://www.w3.org/2001/XMLSchema-instance"
    xsi:schemaLocation="http://www.loc.gov/MARC21/slim http://www.loc.gov/standards/marcxml/schema/MARC21slim.xsd"
    xmlns="http://www.loc.gov/MARC21/slim">

  <leader>01160nam a2200253 i 4500</leader>
  <controlfield tag="001">47862</controlfield>
  <controlfield tag="003">ES-MaACL</controlfield>
  <controlfield tag="005">20250716052849.0</controlfield>
  <controlfield tag="007">t|</controlfield>
  <controlfield tag="008">030618s1865    sp           ||||1| spa d</controlfield>
  <datafield tag="080" ind1=" " ind2=" ">
    <subfield code="a">94(460.233)</subfield>
  </datafield>
  <datafield tag="080" ind1=" " ind2=" ">
    <subfield code="a">94(460)</subfield>
  </datafield>
  <datafield tag="100" ind1="1" ind2=" ">
    <subfield code="a">Blanch &#xE9; Illa, Narciso.</subfield>
    <subfield code="9">126006</subfield>
  </datafield>
  <datafield tag="245" ind1="1" ind2="0">
    <subfield code="a">Cr&#xF3;nica de la provincia de Gerona / </subfield>
    <subfield code="c">por Narciso Blanch &#xE9; Illa.</subfield>
  </datafield>
  <datafield tag="260" ind1=" " ind2=" ">
    <subfield code="a">Madrid : </subfield>
    <subfield code="b">Aquiles Ronchi, </subfield>
    <subfield code="c">1865.</subfield>
  </datafield>
  <datafield tag="300" ind1=" " ind2=" ">
    <subfield code="a">175 p., [10] h. de l&#xE1;m., [1] h. de mapas : il. ; </subfield>
    <subfield code="c">32 cm.</subfield>
  </datafield>
  <datafield tag="490" ind1="1" ind2=" ">
    <subfield code="a">Cr&#xF3;nica general de Espa&#xF1;a, &#xF3; sea historia ilustrada y descriptiva de sus provincias, sus poblaciones m&#xE1;s importantes y posesiones de ultramar / dirigida por Cayetano Rosell</subfield>
  </datafield>
  <datafield tag="651" ind1=" " ind2="4">
    <subfield code="a">Gerona (Provincia)-</subfield>
    <subfield code="x">Historia.</subfield>
    <subfield code="9">153502</subfield>
  </datafield>
  <datafield tag="651" ind1=" " ind2="4">
    <subfield code="a">Gerona (Provincia)-</subfield>
    <subfield code="x">Descripci&#xF3;n.</subfield>
    <subfield code="9">153503</subfield>
  </datafield>
  <datafield tag="700" ind1="1" ind2=" ">
    <subfield code="a">Rosell, Cayetano,</subfield>
    <subfield code="d">1817-1883</subfield>
    <subfield code="9">99681</subfield>
  </datafield>
  <datafield tag="830" ind1="0" ind2=" ">
    <subfield code="a">Cr&#xF3;nica general de Espa&#xF1;a, o sea Historia ilustrada y descriptiva de sus provincias, sus poblaciones m&#xE1;s importantes de la pen&#xED;nsula y posesiones de Ultramar</subfield>
    <subfield code="9">224862</subfield>
  </datafield>
  <datafield tag="852" ind1=" " ind2=" ">
    <subfield code="a">ES-MaACL</subfield>
    <subfield code="j">C-1580(1) </subfield>
    <subfield code="z">.- Encuadernado con otras obras</subfield>
  </datafield>
  <datafield tag="999" ind1=" " ind2=" ">
    <subfield code="c">47862</subfield>
    <subfield code="d">47862</subfield>
  </datafield>
  <datafield tag="952" ind1=" " ind2=" ">
    <subfield code="0">0</subfield>
    <subfield code="1">0</subfield>
    <subfield code="4">0</subfield>
    <subfield code="7">0</subfield>
    <subfield code="8">LIBXIX</subfield>
    <subfield code="a">ATENEOM</subfield>
    <subfield code="b">ATENEOM</subfield>
    <subfield code="c">SPAL</subfield>
    <subfield code="d">2008-01-17</subfield>
    <subfield code="e">SC</subfield>
    <subfield code="l">0</subfield>
    <subfield code="o">C-1865</subfield>
    <subfield code="p">1050366</subfield>
    <subfield code="r">2023-02-23 00:00:00</subfield>
    <subfield code="w">2023-02-23</subfield>
    <subfield code="y">MONANT</subfield>
  </datafield>
</record>
